Music Quiz

Random Music or Song Quiz

BADBADNOTGOOD Songs Quiz Stats

 Plays Quiz not verified by Sporcle

Challenge
Share
Tweet
Embed
Score 0/56 Timer 06:00
0 Plays Today
% Correct
Time Moves Slow feat. Sam Herring
90%
Confessions Pt II feat. Colin Stetson
90%
Can't Leave the Night
83.3%
And That, Too.
80%
Speaking Gently
80%
Lavender feat. Kaytranada
80%
Chompy's Paradise
80%
IV
80%
Hyssop of Love feat. Mick Jenkins
80%
Structure No. 3
80%
In Your Eyes feat. Charlotte Day Wilson
80%
Cashmere
80%
Triangle
79.2%
Kaleidoscope
79.2%
Since You Asked Kindly
79.2%
Based Is How You Feel Inside
75%
Fall in Love
75%
Confessions feat. Leland Whitty
75%
Hedron
75%
Differently, Still
75%
CS60
75%
Sour Soul
70.8%
Ray Gun feat. MF DOOM
70.8%
Improvised Jam
66.7%
Title Theme/Saria's Song/Song of Storms
66.7%
Earl feat. Leland Whitty
66.7%
Vices
66.7%
Limit to Your Love
66.7%
% Correct
UWM feat. Leland Whitty
66.7%
CMYK
66.7%
Flashing Lights
66.7%
Eyes Closed
66.7%
Mono (Instrumental)
66.7%
Six Degrees feat. Danny Brown
66.7%
Gunshowers feat. Elzhi
66.7%
Street Knowledge feat. TREE
66.7%
Nuggets of Wisdom
66.7%
Experience (Instrumental)
66.7%
Mass Appeal/Transmission
62.5%
Freedom/Billium Evans
62.5%
The World Is Yours/Brooklyn Zoo
62.5%
Listeriosis
62.5%
Outro/Glasper
62.5%
Rotten Decay
62.5%
Bastard/Lemonade
62.5%
CHSTR
62.5%
DMZ
62.5%
You Made Me Realise feat. Luan Phung
62.5%
Stark's Reality (Instrumental)
62.5%
Tone's Rap
62.5%
Mind Playing Tricks
62.5%
Food
62.5%
Salmonella
58.3%
Sustain
58.3%
Camel
54.2%
I Got a Bad Feeling About This
45.8%

You're not logged in!

Compare scores with friends on all Sporcle quizzes.
Join for Free
OR
Log In

You Might Also Like...

Show Comments

Extras

Top Quizzes Today


Score Distribution

Your Account Isn't Verified!

In order to create a playlist on Sporcle, you need to verify the email address you used during registration. Go to your Sporcle Settings to finish the process.

Report this User

Report this user for behavior that violates our Community Guidelines.

Details: